Score 0/24 Timer 08:00
7 Plays Today
% Correct
Famed aviatrix 'probably just shopping,' search teams say
91.2%
'Big deal, I'm Rich!' Roosevelt says
90.8%
Second A-Bomb would have just sat around anyway, say Generals
90.8%
50 million Russians to perish by 1939
90.2%
Falklands' elite Puffin Brigade poised to attack U.S., U.K.
88.9%
'How fares Europe?' asks presumed-dead Archduke
88.9%
Will other fingers follow?
88.8%
President dead of wounds sustained in hirsute pig's ferocious assault
88.4%
Singer gives Krushchev 24 hours to 'drop this Commie bunk or it's ring-a-ding-ding for you bozos'
88.4%
Europe relieved as heroic Germans lift grim specter of Polish tyranny from continent
88.3%
Former President graciously shares space on proposed Rushmore monument
87.3%
'Fear not this ailment we have just created,' says makers
86.8%
% Correct
President kills two, wounds six in stunning jailbreak
86.8%
'Besleeve yourself, strumpet!' Clergy urge
83.5%
Huns' 'machine guns' prove more effective weapons
83.3%
Swellness in America at all-time high
83.3%
'Such colors and such a roar' well-to-do socialites say of spectacle
82.6%
Feral heavyweight breaks free of handlers, rampages through Las Vegas
79.4%
Heavyweight champ calls current site of conflict 'unacceptable'
78.7%
We are sensitive right now, say ring experts
76.9%
Actress 'very impressed' by lone-nut gunman's attempt on President's life
76.7%
'Progress being made,' says one gunman
73.1%
Police vow to convict non-English-speaking immigrant 'at any cost'
67.3%
'Thanks orphans!' grateful Americans say
62.8%

You're not logged in!

Compare scores with friends on all Sporcle quizzes.
OR
Log In

Sporcle TV

Today on Sporcle TV


Watch our educational content, quiz creation guides, and fun videos on Sporcle TV.

Show Comments

Extras

Top Quizzes Today


Score Distribution

Paid Content

Your Account Isn't Verified!

In order to create a playlist on Sporcle, you need to verify the email address you used during registration. Go to your Sporcle Settings to finish the process.

Report this User

Report this user for behavior that violates our Community Guidelines.

Details: